[Event "29. Klatovy A 2023"]
[Site "Klatovy"]
[Date "2023.07.08"]
[Round "8.4"]
[White "Soural, Jan"]
[Black "Jurek, Josef"]
[Result "1/2-1/2"]
[WhiteElo "2176"]
[BlackElo "2251"]
[PlyCount "48"]
[EventDate "2023.07.01"]
[EventType "swiss"]
[EventRounds "9"]
[EventCountry "CZE"]
[TimeControl "120+30"]

1. c4 {[%emt 20:50:52]} Nf6 {[%emt 0:00:19]} 2. Nf3 {[%emt 0:00:19]} c5 {[%emt 0:01:07]} 3. Nc3 {[%emt 0:01:24]} b6 {[%emt 0:00:33]} 4. g3 {[%emt 0:02:09]} Bb7 {[%emt 0:00:29]} 5. Bg2 {[%emt 0:00:06]} g6 {[%emt 0:03:21]} 6. b3 {[%emt 0:01:01]} Bg7 {[%emt 0:00:35]} 7. Bb2 {[%emt 0:00:08]} O-O {[%emt 0:01:11]} 8. O-O {[%emt 0:00:09]} Na6 {[%emt 0:02:26]} 9. Rc1 {[%emt 0:21:35]} e6 {[%emt 0:03:18]} 10. d4 {[%emt 0:14:19]} d5 {[%emt 0:02:27]} 11. cxd5 {[%emt 0:02:44]} Nxd5 {[%emt 0:02:49]} 12. Nxd5 {[%emt 0:03:11]} Bxd5 {[%emt 0:01:47]} 13. Ba1 {[%emt 0:26:53]} Qe7 {[%emt 0:09:06]} 14. dxc5 {[%emt 0:04:12]} Bxa1 {[%emt 0:01:13]} 15. Rxa1 {[%emt 0:00:04]} Nxc5 {[%emt 0:00:59]} 16. Rc1 {[%emt 0:00:24]} Rfd8 {[%emt 0:05:20]} 17. Qc2 {[%emt 0:00:35]} Qf6 {[%emt 0:06:32]} 18. h4 {[%emt 0:23:28]} a5 {[%emt 0:04:11]} 19. Ng5 {[%emt 0:03:07]} Bxg2 {[%emt 0:01:12]} 20. Kxg2 {[%emt 0:00:06]} Qe5 {[%emt 0:15:44]} 21. Rfd1 {[%emt 0:01:28]} h6 {[%emt 0:07:40]} 22. Nf3 {[%emt 0:00:17]} Qf6 {[%emt 0:01:33]} 23. Rxd8+ {[%emt 0:01:37]} Rxd8 {[%emt 0:00:50]} 24. Rd1 {[%emt 0:00:09]} Kg7 {[%emt 0:02:56]} 1/2-1/2

[Event "29. Klatovy A 2023"]
[Site "Klatovy"]
[Date "2023.07.08"]
[Round "8.5"]
[White "Dvorak, Jan"]
[Black "Vorisek, Jaroslav"]
[Result "1/2-1/2"]
[WhiteElo "2176"]
[BlackElo "2260"]
[PlyCount "56"]
[EventDate "2023.07.01"]
[EventType "swiss"]
[EventRounds "9"]
[EventCountry "CZE"]
[TimeControl "120+30"]

1. d4 {[%emt 0:00:06]} f5 {[%emt 0:00:23]} 2. Nf3 {[%emt 0:00:47]} Nf6 {[%emt 0:00:13]} 3. g3 {[%emt 0:00:17]} g6 {[%emt 0:00:21]} 4. Bg2 {[%emt 0:00:17]} Bg7 {[%emt 0:00:17]} 5. O-O {[%emt 0:00:43]} O-O {[%emt 0:00:09]} 6. b3 {[%emt 0:00:57]} c5 {[%emt 0:07:17]} 7. e3 {[%emt 0:04:58]} Nc6 {[%emt 0:08:23]} 8. Bb2 {[%emt 0:09:19]} Ne4 {[%emt 0:07:20]} 9. c4 {[%emt 0:05:34]} d6 {[%emt 0:13:17]} 10. Nc3 {[%emt 0:12:17]} e6 {[%emt 0:30:35]} 11. Qe2 {[%emt 0:30:34]} cxd4 {[%emt 0:13:48]} 12. exd4 {[%emt 0:02:46]} d5 {[%emt 0:01:59]} 13. Rfd1 {[%emt 0:01:47]} b6 {[%emt 0:04:12]} 14. Nxe4 {[%emt 0:09:35]} fxe4 {[%emt 0:07:31]} 15. Ne5 {[%emt 0:01:05]} Bb7 {[%emt 0:00:10]} 16. f3 {[%emt 0:02:39]} Nxe5 {[%emt 0:16:59]} 17. dxe5 {[%emt 0:03:49]} Qe7 {[%emt 0:01:32]} 18. fxe4 {[%emt 0:02:50]} dxc4 {[%emt 0:00:06]} 19. Qxc4 {[%emt 0:08:22]} Rac8 {[%emt 0:00:06]} 20. Qe2 {[%emt 0:00:09]} Rfd8 {[%emt 0:02:28]} 21. Rxd8+ {[%emt 0:12:01]} Rxd8 {[%emt 0:00:12]} 22. Qe3 {[%emt 0:00:24]} Qd7 {[%emt 0:08:10]} 23. Bh3 {[%emt 0:05:00]} Bf8 {[%emt 0:00:04]} 24. Qe2 {[%emt 0:03:53]} Bc5+ {[%emt 0:01:56]} 25. Kh1 {[%emt 0:00:04]} Qc6 {[%emt 0:03:29]} 26. Bg2 {[%emt 0:00:20]} Rf8 {[%emt 0:00:15]} 27. Rf1 {[%emt 0:00:49]} Rxf1+ {[%emt 0:00:06]} 28. Qxf1 {[%emt 0:00:03]} Qxe4 {[%emt 0:00:29]} 1/2-1/2

[Event "29. Klatovy A 2023"]
[Site "Klatovy"]
[Date "2023.07.08"]
[Round "8.6"]
[White "Flajsman, Pavel"]
[Black "Janous, Marek"]
[Result "1/2-1/2"]
[WhiteElo "2192"]
[BlackElo "2185"]
[PlyCount "146"]
[EventDate "2023.07.01"]
[EventType "swiss"]
[EventRounds "9"]
[EventCountry "CZE"]
[TimeControl "120+30"]

1. d4 {[%emt 0:00:04]} Nf6 {[%emt 0:00:37]} 2. c4 {[%emt 0:00:11]} e6 {[%emt 0:02:34]} 3. Nc3 {[%emt 0:06:03]} d5 {[%emt 0:00:26]} 4. cxd5 {[%emt 0:00:05]} exd5 {[%emt 0:00:05]} 5. Bg5 {[%emt 0:00:06]} Be7 {[%emt 0:01:04]} 6. e3 {[%emt 0:00:13]} c6 {[%emt 0:00:24]} 7. Bd3 {[%emt 0:00:13]} Nbd7 {[%emt 0:01:00]} 8. Qc2 {[%emt 0:00:37]} O-O {[%emt 0:00:58]} 9. Nge2 {[%emt 0:09:16]} Re8 {[%emt 0:00:41]} 10. h3 {[%emt 0:04:39]} Nf8 {[%emt 0:02:27]} 11. g4 {[%emt 0:10:31]} g6 {[%emt 0:20:23]} 12. O-O-O {[%emt 0:39:53]} b5 {[%emt 0:13:31]} 13. Ng3 {[%emt 0:00:38]} a5 {[%emt 0:15:45]} 14. Rdg1 {[%emt 0:00:28]} b4 {[%emt 0:04:06]} 15. Na4 {[%emt 0:01:54]} c5 {[%emt 0:05:48]} 16. Bxf6 {[%emt 0:08:42]} Bxf6 {[%emt 0:00:07]} 17. Nxc5 {[%emt 0:00:04]} Ne6 {[%emt 0:00:12]} 18. Nxe6 {[%emt 0:01:53]} Bxe6 {[%emt 0:00:02]} 19. Qd2 {[%emt 0:02:44]} Qb6 {[%emt 0:01:34]} 20. Kb1 {[%emt 0:01:23]} Bd7 {[%emt 0:03:58]} 21. Rc1 {[%emt 0:04:32]} Rac8 {[%emt 0:04:11]} 22. Ne2 {[%emt 0:10:58]} Qd6 {[%emt 0:05:08]} 23. Rxc8 {[%emt 0:07:36]} Rxc8 {[%emt 0:01:05]} 24. Ng1 {[%emt 0:00:11]} Qe6 {[%emt 0:19:16]} 25. Nf3 {[%emt 0:01:26]} Bb5 {[%emt 0:05:43]} 26. Rg1 {[%emt 0:06:14]} Qe8 {[%emt 0:04:15]} 27. Rc1 {[%emt 0:05:21]} Rxc1+ {[%emt 0:01:14]} 28. Kxc1 {[%emt 0:00:01]} Bxd3 {[%emt 0:00:31]} 29. Qxd3 {[%emt 0:00:01]} Qc6+ {[%emt 0:06:03]} 30. Kb1 {[%emt 0:00:39]} a4 {[%emt 0:02:01]} 31. Nd2 {[%emt 0:00:30]} Bd8 {[%emt 0:03:42]} 32. f4 {[%emt 0:01:59]} Ba5 {[%emt 0:01:44]} 33. Nf3 {[%emt 0:01:30]} Qb7 {[%emt 0:01:11]} 34. Kc2 {[%emt 0:02:43]} Bc7 {[%emt 0:03:17]} 35. Nd2 {[%emt 0:01:04]} Ba5 {[%emt 0:00:08]} 36. b3 {[%emt 0:00:48]} a3 {[%emt 0:00:33]} 37. Nf3 {[%emt 0:00:06]} Bc7 {[%emt 0:00:05]} 38. Kd2 {[%emt 0:00:11]} Bd6 {[%emt 0:00:25]} 39. Qc2 {[%emt 0:00:14]} Qd7 {[%emt 0:01:00]} 40. Ke2 {[%emt 0:01:19]} h5 {[%emt 0:00:52]} 41. Nh2 {[%emt 0:00:27]} Kg7 {[%emt 0:00:26]} 42. Kf3 {[%emt 0:00:25]} hxg4+ {[%emt 0:02:21]} 43. hxg4 {[%emt 0:00:04]} Qe7 {[%emt 0:00:20]} 44. g5 {[%emt 0:00:35]} f5 {[%emt 0:00:41]} 45. gxf6+ {[%emt 0:01:32]} Qxf6 {[%emt 0:00:01]} 46. Ng4 {[%emt 0:00:08]} Qh4 {[%emt 0:00:25]} 47. Qh2 {[%emt 0:01:17]} Qe1 {[%emt 0:01:07]} 48. Qh6+ {[%emt 0:00:09]} Kf7 {[%emt 0:00:04]} 49. Qh7+ {[%emt 0:00:05]} Kf8 {[%emt 0:00:10]} 50. Qh8+ {[%emt 0:03:09]} Ke7 {[%emt 0:00:30]} 51. Qg7+ {[%emt 0:00:23]} Kd8 {[%emt 0:00:04]} 52. Qf6+ {[%emt 0:00:39]} Kc7 {[%emt 0:00:13]} 53. Qf7+ {[%emt 0:00:29]} Kd8 {[%emt 0:01:18]} 54. Qg8+ {[%emt 0:00:29]} Kc7 {[%emt 0:00:04]} 55. Qf7+ {[%emt 0:00:26]} Kd8 {[%emt 0:00:32]} 56. Nf2 {[%emt 0:00:11]} Qb1 {[%emt 0:00:19]} 57. Qxd5 {[%emt 0:00:06]} Kd7 {[%emt 0:00:19]} 58. Ne4 {[%emt 0:01:24]} Qh1+ {[%emt 0:00:17]} 59. Kg3 {[%emt 0:00:25]} Qe1+ {[%emt 0:01:35]} 60. Kg4 {[%emt 0:00:29]} Qe2+ {[%emt 0:00:21]} 61. Kh4 {[%emt 0:00:26]} Qh2+ {[%emt 0:00:10]} 62. Kg4 {[%emt 0:00:03]} Qe2+ {[%emt 0:00:05]} 63. Kh3 {[%emt 0:01:07]} Qxe3+ {[%emt 0:01:24]} 64. Kg2 {[%emt 0:00:25]} Qe2+ {[%emt 0:01:01]} 65. Kg3 {[%emt 0:00:13]} Qe1+ {[%emt 0:00:21]} 66. Kg4 {[%emt 0:00:54]} Qd1+ {[%emt 0:00:22]} 67. Kg3 {[%emt 0:00:33]} Qg1+ {[%emt 0:00:11]} 68. Kf3 {[%emt 0:00:30]} Qh1+ {[%emt 0:00:11]} 69. Ke2 {[%emt 0:00:30]} Qg2+ {[%emt 0:00:30]} 70. Ke3 {[%emt 0:00:05]} Qg1+ {[%emt 0:00:41]} 71. Kf3 {[%emt 0:00:58]} Qh1+ {[%emt 0:00:38]} 72. Ke3 {[%emt 0:00:04]} Qe1+ {[%emt 0:00:18]} 73. Kd3 {[%emt 0:00:49]} Qf1+ {[%emt 0:00:08]} 1/2-1/2

[Event "29. Klatovy A 2023"]
[Site "Klatovy"]
[Date "2023.07.08"]
[Round "8.8"]
[White "Pecka, Jan"]
[Black "Skypala, Ondrej"]
[Result "1/2-1/2"]
[WhiteElo "2054"]
[BlackElo "2163"]
[PlyCount "22"]
[EventDate "2023.07.01"]
[EventType "swiss"]
[EventRounds "9"]
[EventCountry "CZE"]
[TimeControl "120+30"]

1. d4 {[%emt 0:00:03]} Nf6 {[%emt 0:00:07]} 2. c4 {[%emt 0:00:05]} g6 {[%emt 0:00:06]} 3. Nc3 {[%emt 0:00:12]} Bg7 {[%emt 0:00:08]} 4. e4 {[%emt 0:00:06]} d6 {[%emt 0:00:04]} 5. f3 {[%emt 0:00:05]} O-O {[%emt 0:00:05]} 6. Be3 {[%emt 0:00:04]} e5 {[%emt 0:00:04]} 7. d5 {[%emt 0:00:07]} Nh5 {[%emt 0:00:03]} 8. Qd2 {[%emt 0:00:17]} Qh4+ {[%emt 0:00:04]} 9. Bf2 {[%emt 0:00:08]} Qf4 {[%emt 0:00:05]} 10. Be3 {[%emt 0:00:04]} Qh4+ {[%emt 0:00:03]} 11. Bf2 {[%emt 0:00:10]} Qf4 {[%emt 0:00:04]} 1/2-1/2

[Event "29. Klatovy A 2023"]
[Site "Klatovy"]
[Date "2023.07.08"]
[Round "8.9"]
[White "Jordanov, Mihail"]
[Black "Palek, Miroslav"]
[Result "1-0"]
[WhiteElo "2140"]
[BlackElo "2091"]
[PlyCount "57"]
[EventDate "2023.07.01"]
[EventType "swiss"]
[EventRounds "9"]
[EventCountry "CZE"]
[TimeControl "120+30"]

1. e4 {[%emt 0:00:06]} c5 {[%emt 0:00:14]} 2. Nf3 {[%emt 0:00:16]} Nc6 {[%emt 0:00:24]} 3. d4 {[%emt 0:00:24]} cxd4 {[%emt 0:00:14]} 4. Nxd4 {[%emt 0:00:14]} Qb6 {[%emt 0:00:34]} 5. Nb3 {[%emt 0:00:59]} Nf6 {[%emt 0:00:31]} 6. Nc3 {[%emt 0:00:46]} e6 {[%emt 0:00:06]} 7. Be3 {[%emt 0:03:52]} Qc7 {[%emt 0:00:20]} 8. a3 {[%emt 0:01:49]} Be7 {[%emt 0:01:35]} 9. f4 {[%emt 0:08:04]} d6 {[%emt 0:01:11]} 10. Qf3 {[%emt 0:00:59]} O-O {[%emt 0:01:38]} 11. O-O-O {[%emt 0:03:27]} a6 {[%emt 0:02:24]} 12. g4 {[%emt 0:02:38]} b5 {[%emt 0:01:52]} 13. g5 {[%emt 0:03:42]} Nd7 {[%emt 0:00:26]} 14. f5 {[%emt 0:04:27]} Nde5 {[%emt 0:01:31]} 15. Qf4 {[%emt 0:06:40]} Rd8 {[%emt 0:01:58]} 16. Nd4 {[%emt 0:07:09]} Rb8 {[%emt 0:12:22]} 17. h4 {[%emt 0:09:30]} b4 {[%emt 0:03:47]} 18. axb4 {[%emt 0:01:17]} Rxb4 {[%emt 0:03:30]} 19. f6 {[%emt 0:03:41]} Bf8 {[%emt 0:00:37]} 20. h5 {[%emt 0:01:10]} Nxd4 {[%emt 0:08:07]} 21. Rxd4 {[%emt 0:13:37]} a5 {[%emt 0:01:43]} 22. Nb5 {[%emt 0:11:18]} Qc6 {[%emt 0:05:09]} 23. Rxb4 {[%emt 0:06:09]} axb4 {[%emt 0:00:39]} 24. g6 {[%emt 0:00:36]} Qd7 {[%emt 0:11:53]} 25. Bb6 {[%emt 0:04:00]} gxf6 {[%emt 0:03:51]} 26. Qxf6 {[%emt 0:03:12]} Re8 {[%emt 0:04:21]} 27. Nc7 {[%emt 0:07:29]} Re7 {[%emt 0:04:47]} 28. Bb5 {[%emt 0:01:55]} Nc6 {[%emt 0:00:39]} 29. g7 {[%emt 0:01:20]} 1-0

[Event "29. Klatovy A 2023"]
[Site "Klatovy"]
[Date "2023.07.08"]
[Round "8.10"]
[White "Novotny, David"]
[Black "Folk, Petr"]
[Result "1/2-1/2"]
[WhiteElo "2034"]
[BlackElo "2135"]
[PlyCount "67"]
[EventDate "2023.07.01"]
[EventType "swiss"]
[EventRounds "9"]
[EventCountry "CZE"]
[TimeControl "120+30"]

1. e4 {[%emt 0:05:13]} c5 {[%emt 0:00:17]} 2. Nf3 {[%emt 0:00:14]} Nc6 {[%emt 0:00:06]} 3. d4 {[%emt 0:00:07]} cxd4 {[%emt 0:00:05]} 4. Nxd4 {[%emt 0:00:04]} e6 {[%emt 0:00:06]} 5. Nc3 {[%emt 0:02:28]} Qc7 {[%emt 0:00:12]} 6. g3 {[%emt 0:00:45]} Nf6 {[%emt 0:02:19]} 7. Bg2 {[%emt 0:03:27]} a6 {[%emt 0:00:07]} 8. Nb3 {[%emt 0:10:08]} d6 {[%emt 0:02:32]} 9. O-O {[%emt 0:02:38]} Be7 {[%emt 0:01:09]} 10. f4 {[%emt 0:01:57]} O-O {[%emt 0:07:52]} 11. g4 {[%emt 0:00:34]} d5 {[%emt 0:13:03]} 12. exd5 {[%emt 0:26:56]} Nb4 {[%emt 0:03:30]} 13. d6 {[%emt 0:08:45]} Bxd6 {[%emt 0:08:03]} 14. g5 {[%emt 0:12:16]} Nfd5 {[%emt 0:04:24]} 15. Qh5 {[%emt 0:14:52]} Bxf4 {[%emt 0:21:03]} 16. Bxd5 {[%emt 0:15:52]} Bxc1 {[%emt 0:02:46]} 17. Be4 {[%emt 0:02:34]} g6 {[%emt 0:10:42]} 18. Qh4 {[%emt 0:03:23]} Be3+ {[%emt 0:02:01]} 19. Kh1 {[%emt 0:00:02]} Qe7 {[%emt 0:03:12]} 20. Bxg6 {[%emt 0:02:31]} fxg6 {[%emt 0:08:07]} 21. Ne4 {[%emt 0:00:02]} Bd7 {[%emt 0:00:51]} 22. Na5 {[%emt 0:07:45]} Rxf1+ {[%emt 0:13:49]} 23. Rxf1 {[%emt 0:00:02]} Rf8 {[%emt 0:00:26]} 24. Rxf8+ {[%emt 0:03:27]} Kxf8 {[%emt 0:00:41]} 25. Nf6 {[%emt 0:00:23]} Nd5 {[%emt 0:01:54]} 26. Qh6+ {[%emt 0:00:24]} Qg7 {[%emt 0:00:56]} 27. Nxd7+ {[%emt 0:00:22]} Kg8 {[%emt 0:00:36]} 28. Qxg7+ {[%emt 0:01:16]} Kxg7 {[%emt 0:00:01]} 29. Nxb7 {[%emt 0:00:12]} Bxg5 {[%emt 0:02:40]} 30. Nbc5 {[%emt 0:02:13]} Nc7 {[%emt 0:00:18]} 31. b4 {[%emt 0:03:42]} Bd2 {[%emt 0:00:50]} 32. a3 {[%emt 0:00:01]} h5 {[%emt 0:00:45]} 33. c4 {[%emt 0:00:20]} g5 {[%emt 0:01:01]} 34. Nb8 {[%emt 0:00:11]} 1/2-1/2

[Event "29. Klatovy A 2023"]
[Site "Klatovy"]
[Date "2023.07.08"]
[Round "8.11"]
[White "Kopta, Pavel"]
[Black "Hladky, Tadeas"]
[Result "1/2-1/2"]
[WhiteElo "2209"]
[BlackElo "2046"]
[PlyCount "53"]
[EventDate "2023.07.01"]
[EventType "swiss"]
[EventRounds "9"]
[EventCountry "CZE"]
[TimeControl "120+30"]

1. d4 {[%emt 0:00:03]} d5 {[%emt 0:00:09]} 2. c4 {[%emt 0:00:10]} c6 {[%emt 0:00:07]} 3. Nf3 {[%emt 0:00:08]} Nf6 {[%emt 0:00:09]} 4. Nc3 {[%emt 0:00:11]} a6 {[%emt 0:00:11]} 5. a4 {[%emt 0:02:32]} e6 {[%emt 0:00:11]} 6. Bg5 {[%emt 0:04:20]} Nbd7 {[%emt 0:00:10]} 7. cxd5 {[%emt 0:01:32]} exd5 {[%emt 0:00:28]} 8. e3 {[%emt 0:00:42]} a5 {[%emt 0:03:46]} 9. Bd3 {[%emt 0:01:32]} Be7 {[%emt 0:00:31]} 10. Qc2 {[%emt 0:01:30]} O-O {[%emt 0:01:58]} 11. O-O {[%emt 0:01:12]} Re8 {[%emt 0:00:50]} 12. Rae1 {[%emt 0:00:51]} h6 {[%emt 0:01:23]} 13. Bf4 {[%emt 0:03:02]} Nf8 {[%emt 0:18:04]} 14. Ne5 {[%emt 0:05:24]} Be6 {[%emt 0:09:30]} 15. Bg3 {[%emt 0:01:41]} Nh5 {[%emt 0:16:30]} 16. f4 {[%emt 0:04:02]} Nxg3 {[%emt 0:03:51]} 17. hxg3 {[%emt 0:00:38]} f6 {[%emt 0:00:50]} 18. Nf3 {[%emt 0:04:26]} Bb4 {[%emt 0:01:55]} 19. f5 {[%emt 0:05:13]} Bf7 {[%emt 0:00:36]} 20. g4 {[%emt 0:00:23]} Nh7 {[%emt 0:03:30]} 21. Qf2 {[%emt 0:04:36]} Qc7 {[%emt 0:00:58]} 22. Rc1 {[%emt 0:02:06]} Re7 {[%emt 0:05:55]} 23. Rfe1 {[%emt 0:02:15]} Rae8 {[%emt 0:00:39]} 24. g3 {[%emt 0:05:26]} Nf8 {[%emt 0:10:44]} 25. Kg2 {[%emt 0:00:55]} Nd7 {[%emt 0:00:31]} 26. Re2 {[%emt 0:05:41]} Nb6 {[%emt 0:00:42]} 27. b3 {[%emt 0:01:02]} 1/2-1/2

[Event "29. Klatovy A 2023"]
[Site "Klatovy"]
[Date "2023.07.08"]
[Round "8.12"]
[White "Honcharov, Makar"]
[Black "Pirklova, Hana"]
[Result "1-0"]
[WhiteElo "1696"]
[BlackElo "2085"]
[PlyCount "77"]
[EventDate "2023.07.01"]
[EventType "swiss"]
[EventRounds "9"]
[EventCountry "CZE"]
[TimeControl "120+30"]

1. e4 {[%emt 0:00:02]} e5 {[%emt 0:00:04]} 2. Nf3 {[%emt 0:00:04]} Nc6 {[%emt 0:00:06]} 3. Bc4 {[%emt 0:00:06]} Bc5 {[%emt 0:00:05]} 4. c3 {[%emt 0:00:04]} Nf6 {[%emt 0:00:26]} 5. d4 {[%emt 0:00:05]} exd4 {[%emt 0:00:25]} 6. e5 {[%emt 0:00:05]} d5 {[%emt 0:03:51]} 7. Be2 {[%emt 0:00:07]} Ne4 {[%emt 0:03:16]} 8. cxd4 {[%emt 0:00:29]} Bb6 {[%emt 0:02:06]} 9. O-O {[%emt 0:01:52]} O-O {[%emt 0:01:30]} 10. Be3 {[%emt 0:03:41]} Bg4 {[%emt 0:32:42]} 11. Nc3 {[%emt 0:03:30]} Nxc3 {[%emt 0:07:25]} 12. bxc3 {[%emt 0:04:10]} Ne7 {[%emt 0:02:47]} 13. a4 {[%emt 0:01:57]} c6 {[%emt 0:00:45]} 14. h3 {[%emt 0:01:29]} Bxf3 {[%emt 0:06:53]} 15. Bxf3 {[%emt 0:00:40]} Nf5 {[%emt 0:00:05]} 16. Bf4 {[%emt 0:00:52]} f6 {[%emt 0:04:22]} 17. Bg4 {[%emt 0:14:56]} fxe5 {[%emt 0:06:11]} 18. Bxe5 {[%emt 0:00:58]} Qg5 {[%emt 0:04:03]} 19. f4 {[%emt 0:03:25]} Qh4 {[%emt 0:00:41]} 20. Qf3 {[%emt 0:02:10]} Rae8 {[%emt 0:02:18]} 21. Kh2 {[%emt 0:09:18]} Nh6 {[%emt 0:08:12]} 22. Bd7 {[%emt 0:02:00]} Rd8 {[%emt 0:05:10]} 23. Be6+ {[%emt 0:00:46]} Kh8 {[%emt 0:00:26]} 24. a5 {[%emt 0:00:27]} Qe7 {[%emt 0:01:17]} 25. axb6 {[%emt 0:07:55]} Qxe6 {[%emt 0:00:04]} 26. Rxa7 {[%emt 0:00:53]} Nf7 {[%emt 0:04:36]} 27. Rxb7 {[%emt 0:03:16]} Nxe5 {[%emt 0:00:11]} 28. dxe5 {[%emt 0:00:37]} c5 {[%emt 0:01:44]} 29. Qg3 {[%emt 0:04:25]} g6 {[%emt 0:04:48]} 30. Qh4 {[%emt 0:03:50]} h5 {[%emt 0:06:24]} 31. Qg5 {[%emt 0:03:20]} Kg8 {[%emt 0:01:59]} 32. Qh6 {[%emt 0:16:21]} Rf7 {[%emt 0:01:19]} 33. Rxf7 {[%emt 0:00:30]} Kxf7 {[%emt 0:01:31]} 34. Ra1 {[%emt 0:02:09]} Qxb6 {[%emt 0:02:26]} 35. f5 {[%emt 0:03:32]} Rg8 {[%emt 0:02:12]} 36. Rf1 {[%emt 0:04:25]} Ke8 {[%emt 0:04:36]} 37. f6 {[%emt 0:03:10]} Rf8 {[%emt 0:01:11]} 38. Qxg6+ {[%emt 0:00:16]} Rf7 {[%emt 0:00:05]} 39. Qg8+ {[%emt 0:00:13]} 1-0

[Event "29. Klatovy A 2023"]
[Site "Klatovy"]
[Date "2023.07.08"]
[Round "8.13"]
[White "Pycha, Patrik"]
[Black "Kishore, Kumar Jaganathan"]
[Result "1/2-1/2"]
[WhiteElo "2058"]
[BlackElo "1860"]
[PlyCount "125"]
[EventDate "2023.07.01"]
[EventType "swiss"]
[EventRounds "9"]
[EventCountry "CZE"]
[TimeControl "120+30"]

1. e4 {[%emt 20:53:39]} c5 {[%emt 0:02:08]} 2. Nc3 {[%emt 0:00:44]} d6 {[%emt 0:00:22]} 3. g3 {[%emt 0:00:33]} g6 {[%emt 0:00:31]} 4. Bg2 {[%emt 0:00:05]} Bg7 {[%emt 0:00:05]} 5. d3 {[%emt 0:00:06]} Nc6 {[%emt 0:00:12]} 6. Be3 {[%emt 0:00:24]} Rb8 {[%emt 0:00:36]} 7. Qd2 {[%emt 0:03:12]} b5 {[%emt 0:00:13]} 8. Nge2 {[%emt 0:03:13]} b4 {[%emt 0:00:57]} 9. Nd1 {[%emt 0:00:06]} Nd4 {[%emt 0:00:39]} 10. O-O {[%emt 0:00:15]} Qb6 {[%emt 0:00:47]} 11. Nc1 {[%emt 0:00:58]} Nf6 {[%emt 0:00:49]} 12. c3 {[%emt 0:03:49]} Ne6 {[%emt 0:00:06]} 13. Bh6 {[%emt 0:01:13]} bxc3 {[%emt 0:00:30]} 14. bxc3 {[%emt 0:00:06]} Bxh6 {[%emt 0:00:19]} 15. Qxh6 {[%emt 0:00:08]} c4 {[%emt 0:00:04]} 16. dxc4 {[%emt 0:04:43]} Ng4 {[%emt 0:00:17]} 17. Qd2 {[%emt 0:01:01]} Ba6 {[%emt 0:00:06]} 18. Qe2 {[%emt 0:04:33]} Ne5 {[%emt 0:00:06]} 19. Ne3 {[%emt 0:00:44]} Nxc4 {[%emt 0:14:06]} 20. Nxc4 {[%emt 0:00:19]} Qc5 {[%emt 0:00:11]} 21. Nb3 {[%emt 0:06:34]} Bxc4 {[%emt 0:06:56]} 22. Nxc5 {[%emt 0:00:37]} Bxe2 {[%emt 0:00:06]} 23. Rfe1 {[%emt 0:00:08]} Nxc5 {[%emt 0:01:02]} 24. Rxe2 {[%emt 0:00:09]} e5 {[%emt 0:01:40]} 25. Rd2 {[%emt 0:06:51]} Ke7 {[%emt 0:00:24]} 26. Rad1 {[%emt 0:00:27]} Rb6 {[%emt 0:05:21]} 27. f3 {[%emt 0:04:13]} Rc8 {[%emt 0:05:14]} 28. Rc1 {[%emt 0:05:34]} Na4 {[%emt 0:08:09]} 29. Rdc2 {[%emt 0:01:43]} Rbc6 {[%emt 0:02:11]} 30. c4 {[%emt 0:00:22]} Nc5 {[%emt 0:01:54]} 31. Kf1 {[%emt 0:01:43]} Rb8 {[%emt 0:02:32]} 32. Bh3 {[%emt 0:03:10]} Rcb6 {[%emt 0:15:00]} 33. Ke2 {[%emt 0:01:12]} h5 {[%emt 0:02:39]} 34. Ke3 {[%emt 0:03:22]} a5 {[%emt 0:01:10]} 35. Kd2 {[%emt 0:04:42]} Rb4 {[%emt 0:02:43]} 36. Kc3 {[%emt 0:02:50]} Ra4 {[%emt 0:02:19]} 37. Kd2 {[%emt 0:06:01]} Ra3 {[%emt 0:02:57]} 38. Ke2 {[%emt 0:01:08]} Nd3 {[%emt 0:00:57]} 39. Ra1 {[%emt 0:01:34]} Rb2 {[%emt 0:12:00]} 40. Rxb2 {[%emt 0:08:52]} Nxb2 {[%emt 0:00:06]} 41. Bc8 {[%emt 0:00:25]} Nd3 {[%emt 0:04:10]} 42. h4 {[%emt 0:06:24]} Nb4 {[%emt 0:00:41]} 43. Bb7 {[%emt 0:01:20]} Nc2 {[%emt 0:02:31]} 44. Rb1 {[%emt 0:02:18]} Nd4+ {[%emt 0:00:25]} 45. Kf1 {[%emt 0:01:07]} Rxf3+ {[%emt 0:03:24]} 46. Kg2 {[%emt 0:00:08]} Ra3 {[%emt 0:00:15]} 47. Rb2 {[%emt 0:01:14]} Rc3 {[%emt 0:00:17]} 48. Rb6 {[%emt 0:03:38]} Rc2+ {[%emt 0:00:53]} 49. Kf1 {[%emt 0:00:07]} Rxa2 {[%emt 0:00:36]} 50. Bd5 {[%emt 0:00:10]} Ne6 {[%emt 0:06:48]} 51. Rb7+ {[%emt 0:00:30]} Kf6 {[%emt 0:01:15]} 52. Rd7 {[%emt 0:01:32]} a4 {[%emt 0:09:31]} 53. Rxd6 {[%emt 0:00:45]} Ra3 {[%emt 0:01:54]} 54. Kf2 {[%emt 0:01:03]} Rc3 {[%emt 0:00:18]} 55. Ra6 {[%emt 0:01:21]} a3 {[%emt 0:00:09]} 56. c5 {[%emt 0:03:13]} Rxc5 {[%emt 0:00:07]} 57. Bxe6 {[%emt 0:00:07]} fxe6 {[%emt 0:01:09]} 58. Rxa3 {[%emt 0:00:12]} Rc4 {[%emt 0:01:49]} 59. Kf3 {[%emt 0:01:07]} g5 {[%emt 0:01:02]} 60. hxg5+ {[%emt 0:00:51]} Kxg5 {[%emt 0:00:06]} 61. Rb3 {[%emt 0:01:27]} Ra4 {[%emt 0:00:44]} 62. Rc3 {[%emt 0:00:22]} Rb4 {[%emt 0:00:26]} 63. Ra3 {[%emt 0:00:06]} 1/2-1/2

[Event "29. Klatovy A 2023"]
[Site "Klatovy"]
[Date "2023.07.08"]
[Round "8.14"]
[White "Polak, Michal 2002"]
[Black "Folkova, Martina"]
[Result "1/2-1/2"]
[WhiteElo "1959"]
[BlackElo "2049"]
[PlyCount "76"]
[EventDate "2023.07.01"]
[EventType "swiss"]
[EventRounds "9"]
[EventCountry "CZE"]
[TimeControl "120+30"]

1. e4 {[%emt 0:00:01]} e5 {[%emt 0:01:01]} 2. Nf3 {[%emt 0:00:08]} Nc6 {[%emt 0:00:05]} 3. Bb5 {[%emt 0:00:06]} a6 {[%emt 0:00:40]} 4. Bxc6 {[%emt 0:00:06]} dxc6 {[%emt 0:00:38]} 5. d4 {[%emt 0:00:06]} exd4 {[%emt 0:00:51]} 6. Qxd4 {[%emt 0:00:05]} Qxd4 {[%emt 0:05:26]} 7. Nxd4 {[%emt 0:00:05]} Bd7 {[%emt 0:03:08]} 8. Be3 {[%emt 0:01:07]} O-O-O {[%emt 0:00:54]} 9. Nc3 {[%emt 0:03:36]} Bb4 {[%emt 0:01:15]} 10. Nde2 {[%emt 0:01:03]} Nf6 {[%emt 0:02:20]} 11. f3 {[%emt 0:04:57]} Rhe8 {[%emt 0:02:12]} 12. Kf2 {[%emt 0:02:07]} h6 {[%emt 0:03:11]} 13. Rad1 {[%emt 0:04:45]} Bf8 {[%emt 0:07:44]} 14. Rd2 {[%emt 0:09:10]} b5 {[%emt 0:11:27]} 15. Rhd1 {[%emt 0:04:26]} g5 {[%emt 0:14:08]} 16. Ng3 {[%emt 0:07:46]} Be6 {[%emt 0:05:49]} 17. Nce2 {[%emt 0:12:29]} c5 {[%emt 0:04:07]} 18. Nc1 {[%emt 0:12:11]} c4 {[%emt 0:03:05]} 19. Rxd8+ {[%emt 0:10:17]} Rxd8 {[%emt 0:00:05]} 20. Rxd8+ {[%emt 0:00:04]} Kxd8 {[%emt 0:00:09]} 21. Bd4 {[%emt 0:01:28]} Be7 {[%emt 0:00:45]} 22. Nce2 {[%emt 0:01:39]} c5 {[%emt 0:00:49]} 23. Be5 {[%emt 0:02:47]} b4 {[%emt 0:06:47]} 24. Nf5 {[%emt 0:13:53]} Bxf5 {[%emt 0:04:18]} 25. exf5 {[%emt 0:00:04]} Nd7 {[%emt 0:01:41]} 26. Bg7 {[%emt 0:02:31]} h5 {[%emt 0:01:33]} 27. Ng3 {[%emt 0:05:29]} h4 {[%emt 0:00:48]} 28. Ne4 {[%emt 0:00:41]} f6 {[%emt 0:00:45]} 29. g4 {[%emt 0:02:53]} hxg3+ {[%emt 0:04:51]} 30. Kxg3 {[%emt 0:00:05]} Ke8 {[%emt 0:00:27]} 31. f4 {[%emt 0:00:33]} Kf7 {[%emt 0:03:13]} 32. Bh6 {[%emt 0:00:44]} g4 {[%emt 0:00:29]} 33. Kxg4 {[%emt 0:00:44]} Nb6 {[%emt 0:00:30]} 34. Bg5 {[%emt 0:05:11]} fxg5 {[%emt 0:00:45]} 35. fxg5 {[%emt 0:00:05]} Nd5 {[%emt 0:01:01]} 36. f6 {[%emt 0:05:21]} Bf8 {[%emt 0:00:41]} 37. h4 {[%emt 0:00:19]} Ke6 {[%emt 0:05:47]} 38. h5 {[%emt 0:02:21]} Ne3+ {[%emt 0:00:00]} 1/2-1/2